| 000 | 01021nam a22003017a 4500 | ||
|---|---|---|---|
| 001 | 0024647 | ||
| 003 | KOHA_MİRAKIL | ||
| 005 | 20260207002445.0 | ||
| 007 | ta | ||
| 008 | 101122b2010 xx |||gr||||#||||0|eng | | ||
| 020 | _a9780071267694 | ||
| 040 |
_aTR-BiSEU _btur _cTR-BiSEU _erda |
||
| 041 | 0 | _aeng | |
| 050 |
_aQC320 _b.H64 2010 |
||
| 100 | 1 |
_aHolman, J. P. _q(Jack Philip) . |
|
| 245 | 1 |
_aHeat transfer/ _cJ. P. (Jack Philip) Holman ; J.P. Holman. |
|
| 250 | _a10th ed. | ||
| 264 | 1 |
_aBoston : _bMcGraw Hill Higher Education, c2010 _c2010 |
|
| 300 | _axxii, 725 sayfa: resimli; 26 cm. | ||
| 336 |
_ametin _btxt _2rdacontent |
||
| 337 |
_aaracısız _bn _2rdamedia |
||
| 338 |
_acilt _bnc _2rdacarrier |
||
| 490 | 0 | _aMcGraw-Hill series in mechanical engineering, McGraw-Hill International edition | |
| 500 | _aKaynakça ve dizin var. | ||
| 650 | 0 |
_aHeat--Transmission. _92209 |
|
| 830 | 0 |
_aMcGraw-Hill series in mechanical engineering, McGraw-Hill International edition _950178 |
|
| 942 |
_2lcc _cBK |
||
| 999 |
_c24598 _d24598 |
||